000 00346 a2200157 4500
001 180407
020 _a
040 _cMagnum
100 _aPereira, Antonio Olavo
240 1 0 _aUma certa borboleta azul
_lpor
245 1 0 _aUma certa borboleta azul
362 0 _a1899
440 1 _aSalamandra
697 _aMAGNITO: IJ/ANIMAIS
942 _cBK
999 _c180407
_d180407